[Event "Gausdal Classics 2008 GM-A"]
[Site "Gausdal NOR"]
[Date "2008.04.15"]
[Round "8.4"]
[White "Ikonnikov, Vyacheslav"]
[Black "Moskow, Eric"]
[Result "1-0"]
[WhiteElo "2578"]
[BlackElo "2229"]
[PlyCount "83"]
[EventDate "2008.04.08"]
[EventType "tourn"]
[EventRounds "9"]
[EventCountry "NOR"]
[EventCategory "11"]
[Source "lmi"]
[SourceDate "2008.04.08"]

1. d4 Nf6 2. Nf3 e6 3. c4 c5 4. d5 exd5 5. cxd5 g6 6. Nc3 d6 7. e4 a6 8. h3 b5
9. Bd3 Bg7 10. O-O O-O 11. a3 Re8 12. Re1 Nbd7 13. Bf4 Qb6 14. Qd2 Bb7 15. b4
Rac8 16. Rac1 Nh5 17. Be3 Qd8 18. g4 Qf6 19. Kg2 cxb4 20. Ne2 bxa3 21. gxh5 Qb2
22. h6 Bh8 23. Bd4 Qxd2 24. Nxd2 Nc5 25. Bb1 f5 26. Bxh8 Kxh8 27. f3 a2 28. Bc2
fxe4 29. fxe4 Re7 30. Nd4 Rce8 31. Rf1 b4 32. Ra1 Nxe4 33. Bxe4 Rxe4 34. Nxe4
Bxd5 35. Kg3 Bxe4 36. Rfe1 d5 37. Rxa2 Rb8 38. Re3 Rb6 39. Rc2 Kg8 40. Rc6 Rb7
41. Rxa6 Kf7 42. Rb3 1-0

[Event "Gausdal Classics 2008 GM-A"]
[Site "Gausdal NOR"]
[Date "2008.04.15"]
[Round "8.5"]
[White "Hole, Oystein"]
[Black "Macieja, Bartlomiej"]
[Result "0-1"]
[WhiteElo "2387"]
[BlackElo "2599"]
[PlyCount "90"]
[EventDate "2008.04.08"]
[EventType "tourn"]
[EventRounds "9"]
[EventCountry "NOR"]
[EventCategory "11"]
[Source "lmi"]
[SourceDate "2008.04.08"]

1. Nf3 g6 2. c4 Bg7 3. e4 c5 4. d4 d6 5. Nc3 Qa5 6. Be3 Bg4 7. Qd2 Bxf3 8. gxf3
Nc6 9. d5 Nd4 10. Bxd4 Bxd4 11. Bd3 e5 12. dxe6 fxe6 13. Rd1 Bxc3 14. bxc3 Nf6
15. f4 O-O-O 16. Rg1 e5 17. f5 Nh5 18. Bf1 Nf4 19. Rg3 Rhf8 20. Qb2 Qc7 21.
fxg6 hxg6 22. Qb5 Rh8 23. h3 Rh6 24. f3 Qh7 25. Qa5 a6 26. Rd2 Qe7 27. Kd1 Qc7
28. Qa4 Rf8 29. Rf2 Qe7 30. Ke1 Kb8 31. Qa5 Qd8 32. Qa3 Rfh8 33. Qb3 Ka8 34.
Kd1 R8h7 35. Rb2 Rf7 36. Rd2 Nh5 37. Rg1 Rxf3 38. Be2 Rxh3 39. Bg4 Rh4 40. Kc2
Nf4 41. Kb1 Rh1 42. Qd1 Rxg1 43. Qxg1 Qb6+ 44. Ka1 Kb8 45. Bd1 Rh3 0-1

[Event "Gausdal Classics 2008 GM-A"]
[Site "Gausdal NOR"]
[Date "2008.04.16"]
[Round "9.3"]
[White "Sandipan, Chanda"]
[Black "Kaidanov, Gregory"]
[Result "1/2-1/2"]
[WhiteElo "2585"]
[BlackElo "2596"]
[PlyCount "35"]
[EventDate "2008.04.08"]
[EventType "tourn"]
[EventRounds "9"]
[EventCountry "NOR"]
[EventCategory "11"]
[Source "lmi"]
[SourceDate "2008.04.08"]

1. e4 e5 2. Nf3 Nc6 3. Bc4 Bc5 4. c3 Nf6 5. d3 a6 6. Bb3 O-O 7. O-O Ba7 8. Be3
d5 9. Bxa7 Rxa7 10. Nbd2 dxe4 11. dxe4 Ra8 12. a4 Bg4 13. a5 Qe7 14. h3 Bh5 15.
Qe2 Rad8 16. Bc2 Rxd2 17. Qxd2 Bxf3 18. gxf3 1/2-1/2

[Event "Gausdal Classics 2008 GM-A"]
[Site "Gausdal NOR"]
[Date "2008.04.16"]
[Round "9.4"]
[White "Lie, Kjetil A"]
[Black "Ikonnikov, Vyacheslav"]
[Result "0-1"]
[WhiteElo "2558"]
[BlackElo "2578"]
[PlyCount "56"]
[EventDate "2008.04.08"]
[EventType "tourn"]
[EventRounds "9"]
[EventCountry "NOR"]
[EventCategory "11"]
[Source "lmi"]
[SourceDate "2008.04.08"]

1. c4 e5 2. g3 Nc6 3. Bg2 f5 4. Nc3 Nf6 5. a3 g6 6. d3 Bg7 7. Nf3 O-O 8. O-O d6
9. Bg5 h6 10. Bxf6 Bxf6 11. Nd2 a6 12. c5 Be6 13. cxd6 Qxd6 14. Rc1 Rad8 15.
Na4 e4 16. Nc5 Bc8 17. Qb3+ Rf7 18. e3 Na5 19. Qa4 b6 20. dxe4 Qxd2 21. b4 bxc5
22. e5 Qd7 23. Qxd7 Rfxd7 24. exf6 Nb3 25. Rc3 Nd2 26. Rfc1 c4 27. Bf1 Bb7 28.
f4 Nxf1 0-1